Responses for Show #8932 - Tuesday, September 19, 2023

2023 Second Chance competition week 2, semifinal game 2.

Contestants

[<< previous game]

Elizabeth Devereaux, a middle school teacher from Lawrence, Kansas

Morgan Halvorsen, a chief copy editor from Silver Spring, Maryland

Rob Kim, an attorney from Portland, Oregon

[next game >>]

Jeopardy! Round responses

YOU BETTER BELIZE IT
THE ASIAN GAMES
(Ken: The first Asian Games since 2018 will begin this weekend.)
MAY DAY! MAY DAY!
FOWL PLAY
SOUNDS LIKE BIG BUSINESS
SCRAMBLING TO FIND A JOB
    $200 29
(Ken: I know you've been waiting for it; your last chance to redeem yourself in SCRAMBLING TO FIND A JOB.)

the Senate & the House of Representatives

Morgan
    $200 3
New Delhi

Morgan
    $200 26
Citizen Kane

Morgan
    $200 25
a goose egg

Elizabeth
    $200 19
target

Morgan
    $200 24
(Ken: You're not loving the anagrams; that is [*].)

a lifeguard

Triple Stumper
    $400 27
the Mayans

Rob
    $400 22
basketball

Elizabeth
    $400 20
Fidel Castro

Morgan
    $400 21
Daffy Duck

Rob
    $400 18
Texas instruments

Elizabeth
    $400 30
(Ken: Yes, we got one, I'm delighted.)

a librarian

Morgan
    $600 2
puma

Morgan
    $600 8
(kick) volleyball

Elizabeth
    $2,400 14
the European Union

Elizabeth
    $600 5
Drake

Morgan
    $600 17
(Morgan: Uh... Michael and David? David and Michael?)

Dave & Buster's

RobMorgan
    $600 28
an auctioneer

Triple Stumper
    $800 1
Jacques Cousteau

Elizabeth
    $800 7
China

Morgan
    $800 13
(Rob: What is Hanover?)

Hapsburg

Rob
Triple Stumper
    $800 6
rooster

Rob
    $800 16
visa

Elizabeth
    $800 23
(Ken: He's [*]. Or she.)

an economist

Triple Stumper
    $1000 10
Belmopan

Triple Stumper
    $1000 9
(Ken: They don't do that in the Olympics.)

Jet Skis

Triple Stumper
    $1000 12
the Crystal Palace

Elizabeth
    $1000 11
(Rob: What is a... [**]?)
[Ruled incorrect; reversed when the Double Jeopardy! Round began]

a turkey shoot (a duck shoot)

Rob
    $1000 15
(Rob: What is a proctor?)

proctor & gamble

RobElizabeth
    $1000 4
(Morgan: Uh, what is OB/GYN?)

pediatrician

Morgan
Triple Stumper

Scores at the first commercial break (after clue 15):

Rob Morgan Elizabeth
$0 $1,200 $5,800

Scores at the end of the Jeopardy! Round:

Rob Morgan Elizabeth
$1,400 $2,000 $7,600

Double Jeopardy! Round responses

PHYSIOLOGY
SUPER TROUPERS
MAILED IT!
WHAT COULD IT "B"?
FUN & GAMES
PHRASES & IDIOMS
    $400 30
plexus

Morgan
    $400 23
Amy Poehler

Rob
    $400 29
the Hope Diamond

Rob
    $400 27
(Ken: The day after Christmas, [*].)

Boxing Day

Triple Stumper
    $400 28
backgammon

Elizabeth
    $400 13
Spider-sense

Elizabeth
    $800 26
bone marrow

Rob
    $800 22
Second City

Elizabeth
    $800 17
the Statue of Liberty

Rob
    $800 8
the Bowery

Rob
    $800 3
Tetris

Rob
    $800 12
hush money

Elizabeth
    $2,000 24
the vena cava

Rob
    $1200 18
Eric Idle

Rob
    $5,000 16
(Elizabeth: What is Rural?)
[Ken does not rule.]
(Elizabeth: [Laughing] Oh. Rural...)
(Ken: Sorry, I think that's just too long; we needed the full RFD.)

Rural Free Delivery

Elizabeth
    $1200 6
the Breakers

Elizabeth
    $1200 2
(Morgan: What is backgammon?)

Parcheesi

Morgan
Triple Stumper
    $1200 11
dog-tired

Triple Stumper
    $1600 21
ketosis

Rob
    $1600 19
The Groundlings

Rob
    $1600 15
Publishers Clearing House

Elizabeth
    $1600 5
(Rob: What are banyan trees?)

baobab trees

Rob
Triple Stumper
    $1600 1
mahjong

Rob
    $1600 9
under the weather

Elizabeth
    $2000 25
(Rob: What are polyps?)

villi

Rob
Triple Stumper
    $2000 20
anger translator

Morgan
    $2000 14
Postmaster General

Morgan
    $2000 7
Beaumarchais

Triple Stumper
    $2000 4
pinochle

Triple Stumper
    $2000 10
(Ken: Never heard this one--tearing up [*], apparently.)

the pea patch

Triple Stumper

Scores at the end of the Double Jeopardy! Round:

Rob Morgan Elizabeth
$9,800 $5,200 $9,400

[wagering suggestions for these scores]

Final Jeopardy! Round responses

HISTORIC GEOGRAPHY
MorganWhat is Martinique?
$4,200
ElizabethWhat is D Cuba?
$7,000
RobWhat is Puerto Rico
$9,001
Puerto Rico

Final scores:

Rob Morgan Elizabeth
$18,801 $1,000 $2,400
Finalist 3rd place: $2,000 2nd place: $3,000

Game dynamics:

Coryat scores:

Rob Morgan Elizabeth
$9,000 $5,200 $12,600
16 R
(including 1 DD),
4 W
12 R,
3 W
16 R
(including 1 DD),
1 W
(including 1 DD)

Combined Coryat: $26,800

[game clues] [game scores] [suggest correction]

Game tape date: 2023-08-17
The J! Archive is created by fans, for fans. Scraping, republication, monetization, and malicious use prohibited; this site may use cookies and collect identifying information. See terms. The Jeopardy! game show and all elements thereof, including but not limited to copyright and trademark thereto, are the property of Jeopardy Productions, Inc. and are protected under law. This website is not affiliated with, sponsored by, or operated by Jeopardy Productions, Inc. Join the discussion at JBoard.tv.